Kỹ năng giao tiếp kinh doanh T.2
Trang bị các kỹ năng giao tiếp trong kinh doanh bao gồm: Quản lý cảm xúc, thuyết trình, thương lượng, quản lý xung đột, marketing trực tuyến, lãnh đạo và quản trị, ra quyết định
Enregistré dans:
| Auteur principal: | |
|---|---|
| Autres auteurs: | |
| Format: | Livre |
| Langue: | Undetermined |
| Publié: |
Tp. Hồ Chí Minh
Kinh tế Tp. Hồ Chí Minh
2018
|
| Sujets: | |
| Accès en ligne: | http://lrc.tdmu.edu.vn/opac/search/detail.asp?aID=2&ID=41310 |
| Tags: |
Ajouter un tag
Pas de tags, Soyez le premier à ajouter un tag!
|
| Thư viện lưu trữ: | Trung tâm Học liệu Trường Đại học Thủ Dầu Một |
|---|
| LEADER | 01046nam a2200229Ia 4500 | ||
|---|---|---|---|
| 001 | TDMU_41310 | ||
| 008 | 210410s9999 xx 000 0 und d | ||
| 082 | |a 895.136 | ||
| 090 | |b NG527 | ||
| 100 | |a Nguyễn, Văn Hùng | ||
| 245 | 0 | |a Kỹ năng giao tiếp kinh doanh | |
| 245 | 0 | |c Nguyễn Văn Hùng (ch.b.), Nguyễn Kim Chung, Nguyễn Văn Nguyện...và [nh.ng. khác] | |
| 245 | 0 | |n T.2 | |
| 260 | |a Tp. Hồ Chí Minh | ||
| 260 | |b Kinh tế Tp. Hồ Chí Minh | ||
| 260 | |c 2018 | ||
| 300 | |a 639tr. | ||
| 520 | |a Trang bị các kỹ năng giao tiếp trong kinh doanh bao gồm: Quản lý cảm xúc, thuyết trình, thương lượng, quản lý xung đột, marketing trực tuyến, lãnh đạo và quản trị, ra quyết định | ||
| 650 | |a Kinh doanh |x Kĩ năng |x Giao tiếp | ||
| 700 | |a Nguyễn, Kim Chung | ||
| 856 | |u http://lrc.tdmu.edu.vn/opac/search/detail.asp?aID=2&ID=41310 | ||
| 980 | |a Trung tâm Học liệu Trường Đại học Thủ Dầu Một | ||